000 02693nam a22002897a 4500
003 OSt
005 20240904140733.0
007 cr ||||||a|c|a
008 240304s2022 mx ||||fom||| 001 0 spa d
040 _erda
100 1 _9188607
_aCisneros Sandoval, Elvira Lizet
245 1 0 _aIdentificación del agente causal del tizón en plántulas de hortalizas bajo invernadero, en Texcoco Estado de México /
_cpor Elvira Lizet Cisneros Sandoval; director Luis Othón Espinosa Carrillo
264 1 _aChapingo, México :
_bEl autor,
_c2022
300 _a1 recurso en línea (61 páginas).
_bFiguras, tablas
336 _2rdacontent
_atexto
_btxt
337 _2rdamedia
_acomputadora
_bc
338 _2rdacarrier
_arecurso en línea
_bcr
502 _bIAEPA
_cParasitología
_d2022
_gLIC
504 _aIncluye referencias bibliográficas: páginas 56-61
520 _aEn septiembre de 2021, en Texcoco, Estado de México se detectaron síntomas de un “Tizón foliar” en hortalizas de brócoli, col, coliflor, tomate, cebolla y lechuga, que ocasionaron el 100 % de pérdida en la empresa Germiplant. Por lo tanto, el objetivo de este trabajo fue identificar el agente causal del “Tizón foliar”. En invernadero se recolectaron muestras con síntomas de tizón, se aisló y se realizó una identificación por medio de PCR, la cual nos dio como resultado la presencia de Pantoea agglomerans, dicha bacteria generalmente se encuentra asociada a plantas como un epifito y endófito, contando con una amplia distribución en diversos ecosistemas naturales y agrícolas, en algunos casos actuando como antagonista de bacterias y hongos fitopatógenos, de igual manera existen sepas capaces de dañar la salud humana, aunque también cuenta con reportes como fitopatógeno causando síntomas similares a los detectados en las plántulas en el invernadero, los reportes existentes son mango, arroz, cebolla y maíz, este último reporte genera manchas cloróticas y se realizó aquí en México en la misma Región, lo que podría dar pie a investigaciones futuras, para evaluar si existe alguna relación entre ambas cepas. De igual manera se determinó cuál fue el origen del inóculo, para lo cual se realizó una prueba a las semillas y se realizó un asilado del sustrato que se utiliza para germinar.
650 4 _9188608
_aTizón foliar
_xIdentificación
650 0 _9172773
_aPlantas
_x enfermedades por hongoss
650 4 _9132641
_aHortalizas
_xEnfermedades
700 1 _937903
_aEspinosa Carrillo, Luis Othón
_eDirector
856 _uhttp://10.13.5.2/tesis/tl/1510436-4_Cisneros_Sandoval_Elvira_Lizet.pdf
_zDESCARGAR PDF
942 _2Clasificación Universidad Autónoma Chapingo
_cTD
999 _c219778
_d219778